| 000 | 00488nam a2200205Ia 4500 | ||
|---|---|---|---|
| 001 | 11906 | ||
| 003 | GE_BSU | ||
| 008 | 181216s||||||||xx |||||||||||||| ||und|| | ||
| 040 | _cGE_BSU | ||
| 080 | _a636.3 | ||
| 100 | _aБойков,В.И. | ||
| 245 | _aКозоводство | ||
| 245 | _cРед.И.Я.Гуревич | ||
| 260 | _aМосква | ||
| 260 | _bСельхозгиз | ||
| 260 | _c1940 | ||
| 300 | _a169стр.22см. | ||
| 653 | _aКозоводство | ||
| 942 | _cBK | ||
| 999 |
_c45083 _d45083 |
||